Globalization and mixing in the visual arts: an empirical survey of High culture and globalization /
Salvato in:
| Autore principale: | |
|---|---|
| Natura: | testo |
| Soggetti: | |
| Tags: |
Aggiungi Tag
Nessun Tag, puoi essere il primo ad aggiungerne!!
|
MARC
| LEADER | 00000 a a2200000 04500 | ||
|---|---|---|---|
| 001 | 8829 | ||
| 003 | |||
| 040 | |||
| 100 | |a Quemin, Alain | ||
| 245 | |a Globalization and mixing in the visual arts: |b an empirical survey of High culture and globalization / |c Alain Quemin | ||
| 650 | |a ARTES VISUALES | ||
| 650 | |a RELACIONES DE PODER | ||
| 650 | |a GLOBALIZACION | ||
| 650 | |a NACIONALIDAD | ||
| 650 | |a ESTUDIOS DE MERCADO | ||
| 650 | |a SOCIOLOGIA | ||
| 650 | |a ESTAD0S UNIDOS | ||
| 650 | |a ESTUDIOS DE MERCADO | ||
| 650 | |a OBRAS DE ARTE | ||
| 650 | |a NACIONALIDAD | ||
| 773 | |g volumen 21, número 4; páginas 522-550 | ||
| 999 | |c 39802 |d 39802 | ||
